| 000 | 01851nam a22002891 4500 | ||
|---|---|---|---|
| 001 | 21538 | ||
| 003 | BD-RjUL | ||
| 005 | 20211209000710.0 | ||
| 008 | 140304s1965 enka 000 0 eng | ||
| 035 | _a(BD-RjUL)21602 | ||
| 035 | _a(OCoLC)1027723 | ||
| 040 |
_aDLC _cOAU _dBD-RjUL _beng |
||
| 041 | _aeng | ||
| 082 | 0 | 4 |
_221 _a882.0109 _bCLA 1965 |
| 245 | 1 | 0 |
_aClassical drama and its influence : _bessays presented to H.D.F. Kitto. / _cEdited by M.J. Anderson. |
| 260 |
_aLondon : _bMethuen And Co ltd., _cc1965. |
||
| 300 |
_aix, 277 p. : _c23 cm. _bill. ; |
||
| 505 | 0 | _aThe poet and the mask, by T.B.L. Webster.--The chorus in the action of Greek tragedy, by A.M. Dale.--Tragedy and Greek archaic thought, by R.P. Winnington-Ingram.--Homer and Sophocles' Ajax, by G. Kirkwood.--Aristophanes: Originality and convention, by R. Harriott.--The vulgarity of tragedy, by L. Aylen.--Plautus, Terence and Seneca: a comparison of aims and methods, by W. Beare.--The Spanish tragedy and Hamlet: two exercises in English Seneca, by B.L. Joseph.--Towards a definition of form in drama, by H. Heffner.--Neo-classical drama and the Reformation in England, by G. Wickham.--Racine's response to the stagecraft of Attic tragedy as seen in his annotations, by W. McC. Stewart.--The classical tradition in Spanish dramatic theory and practice in the 17th century, by Duncan Moir.--The naturalist and the critical view of drama, by E.B. Pettet.--The fair theatres of Paris in the 18th century: The undermining of the classical ideal, by O.G. Brockett. | |
| 650 | 0 |
_aClassical drama _xHistory and criticism. _966519 |
|
| 650 | 0 |
_aMythology, Classical, in literature. _966520 |
|
| 650 | 0 |
_aDrama. _966521 |
|
| 700 | 1 |
_aAnderson, Michael John _963000 |
|
| 700 | 1 |
_aKitto, H. D. F. _966522 |
|
| 942 |
_2ddc _cBK |
||
| 999 |
_c21538 _d21538 |
||